Los 100 que mandan en Chile: un provocador ensayo para las tertulias veraniegas del bicentenario

Guardat en:
Dades bibliogràfiques
Autors principals: Melnick, Sergio I. (autor), Hales, Jaime (Autor)
Format: Llibre
Idioma:espanyol
Publicat: Santiago Aguilar Chilena 2010
Edició:2a. ed
Matèries:
Etiquetes: Afegir etiqueta
Sense etiquetes, Sigues el primer a etiquetar aquest registre!

MARC

LEADER 00000nam a2200000 a 4500
001 UCG3504
003 CL-VaPUC
008 100902e20100100CL |||||||||||||||||spa|d
020 |a 9789562397223 
082 0 4 |a 303.3  |b MEL  |2 21 
100 |a Melnick, Sergio I.  |e autor  |9 470390 
700 0 |a Hales, Jaime  |e author  |9 552709 
245 1 4 |a Los 100 que mandan en Chile: un provocador ensayo para las tertulias veraniegas del bicentenario 
250 |a 2a. ed 
300 |a 277 p 
942 |c BK 
945 |d 20100902 00:00:00  |a mfarfan 
260 |a Santiago  |b Aguilar Chilena  |c 2010 
650 7 |a PODER  |2 CL-VaPUC  |9 552710 
650 7 |a PODERES PUBLICOS  |2 CL-VaPUC  |9 256979 
650 0 |a Historia de Chile  |9 265473 
650 0 |a Procesos sociales  |9 337802 
650 0 |a Partidos políticos  |9 254999 
650 7 |a PODER ECONOMICO  |2 CL-VaPUC  |9 338221 
583 |a last modification  |c 20100902 00:00:00  |k Rodrigo Vera 
999 |c 342572  |d 342570 
952 |0 0  |1 0  |4 0  |6 303_300000000000000_MEL_2010  |7 0  |8 A  |9 438835  |a BIBHIS  |b BIBHIS  |d 2019-11-22  |i 4710312  |o 303.3 MEL 2010  |p 4710312  |r 2025-01-20  |w 2019-11-22  |y BK  |k HIS